CIADI, supremacía constitucional y "hacerse cargo" (Registro nro. 32300)

Detalles MARC
000 -LEADER
fixed length control field 00382 a2200109 4500
001 - CONTROL NUMBER
control field ART_39672
005 - DATE AND TIME OF LATEST TRANSACTION
control field 20260410162012.0
008 - FIXED-LENGTH DATA ELEMENTS--GENERAL INFORMATION
fixed length control field 260409a
100 1# - MAIN ENTRY--PERSONAL NAME
Personal name Bottini Bulit, Alejandro
245 10 - TITLE STATEMENT
Title CIADI, supremacía constitucional y "hacerse cargo"
773 0# - HOST ITEM ENTRY
Title Propuestas para la sociedad, el gobierno y la producción
Related parts - Año 9, Nº 13 (mayo 2006)
Record control number REV39547

No hay ítems disponibles.